000 00282nam a2200109Ia 4500
008 200302s9999 xx 000 0 und d
100 _aKathleen Mccormick
245 _aThe Garden Lovers Guide To The West
260 _bPrinceton Architectural Press
260 _c2000
300 _a174 P
999 _c4908
_d4908